Biblioteca y Centro de Documentación

The new map (Registro nro. 52401)

Detalles MARC
000 -CABECERA
Longitud fija campo de control 02913 a2200397 4500
001 - NÚMERO DE CONTROL
Número de control 52401
003 - IDENTIFICADOR DE NÚMERO DE CONTROL
Identificador del número de control ES-MaCES
005 - FECHA Y HORA DE LA ÚLTIMA TRANSACCIÓN
Fecha y hora de la última transacción 20250203133958.0
008 - CAMPO FIJO DE DESCRIPCIÓN FIJA--INFORMACIÓN GENERAL
Códigos de información de longitud fija   220726s2021 UK ||||| |||||||||||eng|d
020 ## - ISBN (INTERNATIONAL STANDARD BOOK NUMBER)
Número Internacional Normalizado para Libros (ISBN) 9780141994635
040 ## - FUENTE DE CATALOGACIÓN
Centro catalogador de origen ES-MaCES
Lengua de catalogación spa
Centro transcriptor ES-MaCES
100 1# - ENCABEZAMIENTO PRINCIPAL--NOMBRE PERSONAL
9 (RLIN) 26443
Nombre de persona Yergin, Daniel
245 14 - MENCIÓN DE TÍTULO
Título The new map
Resto del título : energy, climate, and the clash of nations
Mención de responsabilidad, etc. Daniel Yergin
260 ## - PUBLICACIÓN, DISTRIBUCIÓN, ETC (PIE DE IMPRENTA)
Lugar de publicación, distribución, etc. London
Nombre del editor, distribuidor, etc. Penguin Books
Fecha de publicación, distribución, etc. 2021
300 ## - DESCRIPCIÓN FÍSICA
Extensión XVIII, 524 p.
Dimensiones 20 cm
500 ## - NOTA GENERAL
Nota general Índices
520 3# - RESUMEN, ETC.
Sumario, etc, Está surgiendo un nuevo tipo de Guerra Fría entre China y Occidente. El orden mundial se ve sacudido simultáneamente por el cambio climático y la revolución del esquisto en el petróleo y el gas, y ahora por el coronavirus. La controvertida tecnología de fracking le ha dado a Estados Unidos una influencia sin precedentes como la potencia energética líder en el mundo, por delante de Arabia Saudita y Rusia, volcando el tablero de ajedrez de la política global y cambiando la psicología de la economía global. A pesar de estar agobiada por las sanciones, Rusia gira hacia el este, hacia China, mientras Vladimir Putin y Xi Jinping se unen para desafiar a Estados Unidos y reclamar casi todo el Mar de China Meridional, una de las rutas comerciales más importantes del mundo. En otros lugares, el mapa de Medio Oriente creado después de la Primera Guerra Mundial está siendo atacado por ISIS y la Guardia Revolucionaria de Irán mientras la región lucha por enfrentar el reciente colapso del precio del petróleo causado por el aumento del esquisto. Los productores de petróleo, desde Oriente Medio y Moscú hasta las salas de juntas corporativas de todo el mundo, ahora temen que la demanda máxima de petróleo se produzca a medida que las energías renovables compitan con los combustibles fósiles.<br/>The New Map cuenta una historia arrolladora sobre cómo el papel de la energía en el cambio climático está dando forma a las discusiones geopolíticas, desafiando nuestras industrias y nuestros estilos de vida, y acelerando una segunda revolución energética: la búsqueda de energías renovables. También aporta realismo a los debates sobre la transición energética.
541 ## - NOTA DE LA FUENTE INMEDIANTE DE ADQUISICIÓN
Forma de adquisición Compra
650 #4 - ASIENTO SECUNDARIO DE MATERIA--TÉRMINO DE MATERIA
9 (RLIN) 27749
Término de materia o nombre geográfico como elemento inicial energía
650 #4 - ASIENTO SECUNDARIO DE MATERIA--TÉRMINO DE MATERIA
9 (RLIN) 27782
Término de materia o nombre geográfico como elemento inicial petróleo
650 #4 - ASIENTO SECUNDARIO DE MATERIA--TÉRMINO DE MATERIA
9 (RLIN) 31014
Término de materia o nombre geográfico como elemento inicial industria energética
650 #4 - ASIENTO SECUNDARIO DE MATERIA--TÉRMINO DE MATERIA
9 (RLIN) 30979
Término de materia o nombre geográfico como elemento inicial energía renovable
650 #4 - ASIENTO SECUNDARIO DE MATERIA--TÉRMINO DE MATERIA
9 (RLIN) 30961
Término de materia o nombre geográfico como elemento inicial cambio climático
650 #4 - ASIENTO SECUNDARIO DE MATERIA--TÉRMINO DE MATERIA
9 (RLIN) 29223
Término de materia o nombre geográfico como elemento inicial nuevo orden económico internacional
650 #4 - ASIENTO SECUNDARIO DE MATERIA--TÉRMINO DE MATERIA
9 (RLIN) 26675
Término de materia o nombre geográfico como elemento inicial relaciones internacionales
650 #4 - ASIENTO SECUNDARIO DE MATERIA--TÉRMINO DE MATERIA
9 (RLIN) 26673
Término de materia o nombre geográfico como elemento inicial relaciones económicas
650 #4 - ASIENTO SECUNDARIO DE MATERIA--TÉRMINO DE MATERIA
9 (RLIN) 27244
Término de materia o nombre geográfico como elemento inicial problema político
650 #4 - ASIENTO SECUNDARIO DE MATERIA--TÉRMINO DE MATERIA
9 (RLIN) 28776
Término de materia o nombre geográfico como elemento inicial geografía política
650 #4 - ASIENTO SECUNDARIO DE MATERIA--TÉRMINO DE MATERIA
9 (RLIN) 28373
Término de materia o nombre geográfico como elemento inicial Estados Unidos
650 #4 - ASIENTO SECUNDARIO DE MATERIA--TÉRMINO DE MATERIA
9 (RLIN) 26909
Término de materia o nombre geográfico como elemento inicial China
650 #4 - ASIENTO SECUNDARIO DE MATERIA--TÉRMINO DE MATERIA
9 (RLIN) 30484
Término de materia o nombre geográfico como elemento inicial Rusia, Federación (1991- )
650 #4 - ASIENTO SECUNDARIO DE MATERIA--TÉRMINO DE MATERIA
9 (RLIN) 26970
Término de materia o nombre geográfico como elemento inicial Europa Occidental
653 10 - TÉRMINO DE INDEXACIÓN--NO CONTROLADO
Término no controlado Ciencias Sociales-Políticas
902 ## - CES. TIPO DE DOCUMENTO
Tipodoc (006$c Sirtex) LIB Libro
942 ## - ELEMENTOS KOHA
Fuente de clasificaión o esquema Clasificación propia del CES
Koha [por defecto] tipo de item Monografías
Parte de clasificación Ciencias Sociales Politicas Empresariale
Existencias
Número de registro Signatura completa Tipo de item de Koha
092761 SG-7.0.-557 Monografías
© CES, Consejo Económico y Social de España 2021